[Event "Brighton CGL Int"]
[Site "Brighton"]
[Date "1983.12.14"]
[Round "3"]
[White "Nunn, John DM"]
[Black "Murey, Jacob"]
[Result "1-0"]
[WhiteElo "2570"]
[BlackElo "2500"]
[Annotator "ChessBase"]
[PlyCount "57"]
[EventDate "1983.12.12"]
[EventType "tourn"]
[EventRounds "9"]
[EventCountry "ENG"]
[EventCategory "8"]
[SourceTitle "MCL"]
[Source "ChessBase"]
[SourceDate "1999.07.01"]
[SourceVersion "1"]
[SourceVersionDate "1999.07.01"]
[SourceQuality "1"]

1. e4 e5 2. Nf3 Nc6 3. Bb5 a6 4. Ba4 Nf6 5. O-O Nxe4 6. d4 b5 7. Bb3 d5 8. dxe5
Be6 9. Be3 Bc5 10. Qd3 O-O 11. Nc3 $5 Nb4 (11... Bxe3 12. Qxe3 Nxc3 13. Qxc3
Qd7 14. Rad1 Nd8 $1 15. Nd4 c6 $14 (15... Nb7 16. Qc6 $1 $16)) 12. Qe2 Bxe3 $6
(12... Nxc3 $142 13. bxc3 Bxe3 14. cxb4 Bb6 $13 {/\ 15...a5; 15...c5 Nunn.})
13. Qxe3 c5 (13... Nxc3 14. Qxc3 a5 15. Nd4 $16) 14. a3 c4 (14... Nc6 15. Nxe4
dxe4 16. Qxe4 $16) 15. axb4 cxb3 16. cxb3 $16 Qe7 17. Rfd1 Qxb4 18. Nxd5 Bxd5
19. Rxd5 Rad8 20. Rad1 Rxd5 21. Rxd5 f5 (21... Rc8 22. Rd4 $18) 22. Nd4 Qa5 (
22... Qe7 23. Nxf5 $18) 23. Qc1 f4 24. f3 $18 Nd2 (24... Ng5 25. h4 $1 Nf7 26.
e6 Nh6 27. Re5 $18) 25. Kf2 $1 Qb4 26. Qc5 Qxc5 27. Rxc5 Rd8 28. e6 Kf8 (28...
Rxd4 $2 29. Rc8+ Rd8 30. Rxd8#) 29. Nf5 1-0

[Event "Interpolis-09"]
[Site "Tilburg"]
[Date "1985.09.09"]
[Round "9"]
[White "Huebner, Robert"]
[Black "Ljubojevic, Ljubomir"]
[Result "1-0"]
[WhiteElo "2620"]
[BlackElo "2615"]
[Annotator "ChessBase"]
[PlyCount "83"]
[EventDate "1985.08.28"]
[EventType "tourn"]
[EventRounds "14"]
[EventCountry "NED"]
[EventCategory "15"]
[SourceTitle "MCL"]
[Source "ChessBase"]
[SourceDate "1999.07.01"]
[SourceVersion "1"]
[SourceVersionDate "1999.07.01"]
[SourceQuality "1"]

1. e4 e5 2. Nf3 Nc6 3. Bb5 a6 4. Ba4 Nf6 5. O-O Nxe4 6. d4 b5 7. Bb3 d5 8. dxe5
Be6 9. Nbd2 Nc5 10. c3 d4 11. Bxe6 Nxe6 12. cxd4 Ncxd4 13. Ne4 Be7 14. Be3 Nf5
15. Qc2 O-O 16. Rad1 Nxe3 17. fxe3 Qc8 18. Nd4 Nxd4 19. exd4 Qe6 20. Qxc7 Rac8
$1 21. Qa5 Rc2 22. Rf2 (22. Rd2 $2 Rc4 23. a3 Bd8 $19) (22. b3 Rfc8 23. Rd2 Qd5
$1 24. Nf2 Bg5 $40) 22... Rfc8 $1 {/\ 23...Qg4} (22... Qg4 $6 23. Qe1 $1 (23.
Re1 Rxf2 24. Kxf2 f5 25. exf6 Bxf6) 23... Bb4 24. Nc3 Rxf2 (24... Bxc3 25. bxc3
Rxc3 26. Qxc3 Qxd1+ 27. Rf1 $14) 25. Kxf2 f6 26. exf6 Rxf6+ 27. Kg1 $14 {
De Firmian,N-Hellers,F/Biel/1989/1/2-1/2/33/}) 23. Qe1 $8 Qxa2 $2 (23... Rxf2
$1 24. Qxf2 Qxa2 25. d5 Qb3 $1 26. Qf3 (26. Qe2 Rc2 27. Qf3 (27. Qg4 Rc1 $1 28.
Rxc1 Qe3+ $19) 27... Qxf3 28. gxf3 a5 $1 $17) 26... Qxb2 27. d6 Bd8 (27... Qxe5
$3 28. dxe7 Qxe7 $13) 28. Nf6+ (28. d7 Rc1 29. Nd6 Qd4+ $19) (28. Rf1 $1 Qa2 $1
(28... Qd4+ 29. Kh1 Qc4 30. d7 Rc7 31. Nd6 Qe6 32. Nxf7 $18) 29. Nf6+ $1 $40
Bxf6 $1 30. exf6 Qe6 31. Qg3 g6 32. Qf4 Kh8 $1 33. Rd1 a5 34. d7 Rd8 35. h3 b4
$13 36. Rd6 $16) (28. e6 $10 fxe6 29. Rf1 h6 30. Qf7+ Kh7 31. Qxe6 Bb6+ 32. Kh1
Rd8 33. Ng5+ hxg5 34. Qh3+ Kg8 35. Qe6+ Kh7 $10) 28... Kh8 $1 29. Nxh7 Rc1 $19)
(23... h6 $5 24. b3 Bh4 25. g3 Qg4 26. Rxc2 (26. Rf4 $2 Qxf4 $1 $18) 26... Rxc2
27. Nf2 Qf3 $146) 24. Nd6 $1 R8c7 (24... Bxd6 $2 25. Rxc2 Rxc2 26. exd6 $18 Rc8
27. d7 Rf8 28. Qe7 Qd5 29. Re1 Qxd4+ 30. Kh1 g6 31. Qxf8+ Kxf8 32. Re8+ Kg7 33.
d8=Q $18) 25. Rxc2 Rxc2 26. Qe4 Rxb2 (26... Qxb2 27. e6 $1 Bxd6 28. exf7+ Kxf7
29. Rf1+ $18) (26... Rc7 27. Ne8 Rc4 (27... Rc8 28. Nxg7 Kxg7 29. Qg4+ $18) 28.
e6 Rc8 29. Nxg7 Kxg7 30. exf7 $18 {/\ 31.Qe7; 31.Qg4+}) 27. Rf1 h5 (27... Re2
$18 28. Qa8+ Bf8 29. Nxf7 Qa3 30. Nd6 Qe3+ 31. Kh1 Qf2 32. Qd5+ Kh8 33. Nf7+
Kg8 34. Nh6+ Kh8 35. Qg8#) (27... Qe6 $16 28. Qa8+ Bf8 29. Nxf7 $16) (27... h6
$18 28. Nxf7 {/\ 29.Qg6} Qe6 29. h4 Rd2 30. Qa8+ Kh7 31. Qh8+ Kg6 32. h5+ Kxh5
33. Qxg7 $18) (27... f6 $18 28. exf6 gxf6 29. d5 $1 Bxd6 (29... Kh8 30. Nf7+
$18) 30. Qe6+ Kg7 31. Qxf6+ Kg8 32. Qf7+ Kh8 33. Qe8+ Kg7 34. Rf7+ Kh6 35. Qe6+
$18) 28. Nxf7 Qe6 29. h3 Rd2 30. Qa8+ Kh7 31. Qh8+ Kg6 32. Qe8 Qd5 33. Rf3
Qxd4+ 34. Kh2 Rd1 35. Nd6+ Kh7 36. Qxh5+ Kg8 37. Qf7+ Kh7 38. Qh5+ Kg8 39. Qf7+
Kh7 40. Qxe7 Qg1+ 41. Kg3 Qe1+ 42. Kh2 (42. Kh2 Qg1+ 43. Kg3 Qe1+ 44. Kg4 Rd2 (
44... Rd4+ 45. Kf5 Qb1+ 46. Ke6 Qa2+ 47. Kd7 Qxg2 48. Qf7 {/\ e5-e6-e7-e8Q})
45. Qh4+ Qxh4+ 46. Kxh4 Rxg2 47. Re3 Kg6 48. e6 Kf6 49. e7 g5+ 50. Kh5 g4 51.
e8=N#) 1-0

[Event "Reykjavik"]
[Site "Reykjavik"]
[Date "1987.??.??"]
[Round "7"]
[White "Tal, Mihail"]
[Black "Kortschnoj, Viktor Lvovich"]
[Result "1-0"]
[WhiteElo "2605"]
[BlackElo "2625"]
[Annotator "ChessBase"]
[PlyCount "113"]
[EventDate "1987.02.19"]
[EventType "tourn"]
[EventRounds "11"]
[EventCountry "ISL"]
[EventCategory "14"]
[SourceTitle "CBM 002"]
[Source "ChessBase"]
[SourceDate "1988.02.01"]
[SourceVersion "1"]
[SourceVersionDate "1988.02.01"]
[SourceQuality "1"]

1. e4 e5 2. Nf3 Nc6 3. Bb5 a6 4. Ba4 Nf6 5. O-O Nxe4 6. d4 b5 7. Bb3 d5 8. dxe5
Be6 9. Nbd2 Nc5 10. c3 d4 11. Bxe6 Nxe6 12. cxd4 Ncxd4 13. Ne4 Be7 14. Be3 Nf5
15. Qc2 O-O 16. Rad1 Nxe3 17. fxe3 Qc8 18. h3 Rd8 19. Nh2 Rxd1 20. Qxd1 Qe8 $1
21. Qh5 Nc5 22. Ng3 a5 $1 $15 23. Nf5 $6 Ra6 24. Ng4 Rg6 $17 25. b3 Bd8 26. Nf2
Qc6 27. e4 Qe8 $6 (27... Nxe4 28. Qd1 Nd6 29. Ng4 Nb7 30. Rf2 $15) 28. Qd1 $10
Be7 29. Qd2 Bf8 30. Qxa5 Qxe5 31. Qxb5 Re6 32. Qb8 h5 33. Qd8 g6 $2 34. Ng4
hxg4 35. Nh6+ Kg7 36. Rxf7+ Kxh6 37. Qxf8+ Kg5 38. h4+ Kxh4 39. Qh6+ Qh5 40.
g3+ Kxg3 41. Qf4+ Kh4 42. Qf2+ g3 43. Rf4+ Kg5 44. Qxg3+ Kh6 45. Rh4 Rxe4 46.
Rxh5+ Kxh5 47. Qxc7 Ne6 48. Qb7 Re5 49. a4 Nf4 50. Qf3+ Kg5 51. b4 Re1+ 52. Kf2
Rb1 53. b5 Rb2+ 54. Ke1 Kf5 55. Qc3 Rb4 56. b6 Nd5 57. Qc8+ 1-0

[Event "Kemerovo1"]
[Site "Kemerovo"]
[Date "1995.??.??"]
[Round "2"]
[White "Dolmatov, Sergey"]
[Black "Sagalchik, Gennadij"]
[Result "1-0"]
[WhiteElo "2615"]
[BlackElo "2515"]
[Annotator "ChessBase"]
[PlyCount "61"]
[EventDate "1995.08.??"]
[EventType "tourn"]
[EventRounds "11"]
[EventCountry "RUS"]
[EventCategory "12"]
[SourceTitle "CBM 050"]
[Source "ChessBase"]
[SourceDate "1996.02.01"]
[SourceVersion "1"]
[SourceVersionDate "1996.02.01"]
[SourceQuality "1"]

1. e4 e5 2. Nf3 Nc6 3. Bb5 a6 4. Ba4 Nf6 5. O-O Nxe4 6. d4 b5 7. Bb3 d5 8. dxe5
Be6 9. Be3 Bc5 10. Qd3 O-O 11. Nc3 Bxe3 12. Qxe3 Nxc3 13. Qxc3 Qd7 14. Rad1
Rad8 15. Ng5 Ne7 16. f4 Bf5 17. h3 c6 18. Qc5 Ng6 19. Kh2 f6 20. exf6 gxf6 21.
Nf3 Qd6 22. Qxd6 Rxd6 23. Nd4 Be4 24. f5 Ne5 25. Ne6 Re8 26. Nc5 Nf7 27. Rfe1
Kf8 28. g4 a5 29. a4 bxa4 30. Bxa4 Rb8 31. Rxe4 (31. Rxe4 dxe4 32. Rxd6 Nxd6
33. Nd7+ Ke7 34. Nxb8 $18) 1-0

[Event "Pinamar Masters 1st"]
[Site "Pinamar"]
[Date "2001.03.11"]
[Round "4"]
[White "Roselli Mailhe, Bernardo"]
[Black "Szmetan, Jorge"]
[Result "0-1"]
[WhiteElo "2400"]
[BlackElo "2394"]
[Annotator "Ernst,T"]
[PlyCount "76"]
[EventDate "2001.03.08"]
[EventType "tourn"]
[EventRounds "11"]
[EventCountry "ARG"]
[EventCategory "8"]
[SourceTitle "CBM 082"]
[Source "ChessBase"]
[SourceDate "2001.05.17"]
[SourceVersion "1"]
[SourceVersionDate "2001.05.17"]
[SourceQuality "1"]

1. e4 e5 2. Nf3 Nc6 3. Bb5 a6 4. Ba4 Nf6 5. O-O Nxe4 6. d4 b5 7. Bb3 d5 8. dxe5
Be6 9. Nbd2 Nc5 10. c3 d4 11. Bxe6 Nxe6 12. cxd4 Ncxd4 13. Ne4 Be7 14. Be3 Nf5
15. Qc2 O-O 16. a4 Nxe3 17. fxe3 c5 18. Rfd1 Qc7 19. Nd6 Rab8 20. axb5 axb5 21.
Qe4 g6 22. Qg4 Rb6 23. Ne4 Rd8 24. Rf1 Rd3 $15 25. Nf6+ Bxf6 26. exf6 Rxe3 27.
Ng5 h5 28. Nxe6 Rbxe6 29. Qg5 Qd6 30. Ra8+ (30. Rad1 $1 Qf8 31. Rd5 Re1 32.
Rxc5 Rxf1+ 33. Kxf1 Rxf6+ 34. Kg1 Qd8 35. h3 $17) 30... Re8 $8 31. Qxe3 Rxa8
32. Qh6 Qf8 33. Qf4 c4 34. Kh1 Rc8 35. Rc1 (35. Re1 b4 36. Re7 c3 $19) 35...
Kh7 36. g4 $19 hxg4 37. Qxg4 Rc5 38. Rc3 Qa8+ 0-1

[Event "Olympiad-31"]
[Site "Moscow"]
[Date "1994.12.10"]
[Round "9.2"]
[White "Adams, Michael"]
[Black "Sokolov, Ivan"]
[Result "1/2-1/2"]
[WhiteElo "2640"]
[BlackElo "2625"]
[Annotator "Ernst,T"]
[PlyCount "49"]
[EventDate "1994.12.01"]
[EventType "team-swiss"]
[EventRounds "14"]
[EventCountry "RUS"]
[SourceTitle "CBM 045"]
[Source "ChessBase"]
[SourceDate "1995.04.01"]
[SourceVersion "1"]
[SourceVersionDate "1995.04.01"]
[SourceQuality "1"]
[WhiteTeam "England"]
[BlackTeam "Bosnia&Herzegovina"]
[WhiteTeamCountry "ENG"]
[BlackTeamCountry "BIH"]

{Se informator} 1. e4 e5 2. Nf3 Nc6 3. Bb5 a6 4. Ba4 Nf6 5. O-O Nxe4 6. d4 b5
7. Bb3 d5 8. dxe5 Be6 9. Nbd2 {[#]} Nc5 10. c3 d4 11. Bxe6 Nxe6 12. cxd4 Ncxd4
13. a4 Bc5 $1 {[#]} (13... Be7 $14) (13... Rb8 $14) 14. Nb3 $146 (14. Ne4 Bb6
15. Nfg5 $14 {Rodriguez,Am-Korneev/Barbara del Valles op/1994/} (15. Be3 O-O
16. a5 $1 (16. axb5 $6 axb5 17. Rxa8 Qxa8 $15 {de Firmian,N-Ernst,T/Osterskar
Op/1994/}) (16. Nxd4 Bxd4 17. Bxd4 Qxd4 18. Qxd4 Nxd4 19. Rfd1 Rfd8 20. Nc5
bxa4 $10 {Sammaluno,T-Ernst,T/Gausdal/1994/}) 16... Ba7 17. Nxd4 Bxd4 18. Bxd4
Qxd4 19. Qxd4 Nxd4 20. Nc5 Rfd8 21. Rfd1 Rd5 $3 $10 {/\ c7-c6,Kf8-e7}) (15.
Nxd4 Qxd4 $1 (15... Bxd4 16. Ng5 $1 $14 {Tischbierek,R-Chekhov,V/Potsdam/1985/
i/39/(411)/}) 16. Qxd4 Nxd4 17. axb5 Nxb5 $10)) (14. Nxd4) 14... Nxb3 15. Qxb3
O-O $1 (15... Rb8 $6 16. axb5 axb5 17. Rd1 Qc8 18. Ng5 $16) 16. axb5 axb5 17.
Rxa8 Qxa8 18. Qxb5 h6 $44 19. Qc4 Rd8 20. h3 Qb7 21. Qc2 Qd5 22. Re1 Bb4 23.
Rf1 Bc5 24. Re1 Bb4 25. Rf1 1/2-1/2

[Event "Tel Aviv"]
[Site "Tel Aviv"]
[Date "2001.02.22"]
[Round "3"]
[White "Gruenfeld, Yehuda"]
[Black "Gyimesi, Zoltan"]
[Result "1/2-1/2"]
[WhiteElo "2520"]
[BlackElo "2564"]
[Annotator "Ernst,T"]
[PlyCount "103"]
[EventDate "2001.02.20"]
[EventType "tourn"]
[EventRounds "9"]
[EventCountry "ISR"]
[EventCategory "9"]
[SourceTitle "CBM 082"]
[Source "ChessBase"]
[SourceDate "2001.05.17"]
[SourceVersion "1"]
[SourceVersionDate "2001.05.17"]
[SourceQuality "1"]

1. e4 e5 2. Nf3 Nc6 3. Bb5 a6 4. Ba4 Nf6 5. O-O Nxe4 6. d4 b5 7. Bb3 d5 8. dxe5
Be6 9. Nbd2 Nc5 10. c3 d4 11. Ng5 Qxg5 12. Qf3 O-O-O 13. Bxe6+ fxe6 14. Qxc6
Qxe5 15. b4 dxc3 16. bxc5 cxd2 17. Qxa6+ Kd7 18. Bxd2 Qxc5 19. Rfd1 (19. Bf4 $1
Qc6 (19... e5 20. Rac1) 20. Rfd1+ (20. Qxc6+ Kxc6 21. Rfc1+ Bc5 22. Bxc7 Rd5
23. Ba5 Kd7 24. Bc3 Rf8 25. Rc2 g6 $11) 20... Bd6 21. Qa7 $44 Kc8 22. Bxd6 Rxd6
23. Rxd6 cxd6 24. Qxg7 Rd8 25. Qxh7 $16) 19... Bd6 20. Be3 Qe5 (20... Qc6 $15)
21. g3 Ra8 22. Qb7 Rab8 23. Qg2 Ke7 24. Rac1 Rhd8 25. Bd4 Qg5 26. Qe4 Qg6 27.
Qxg6 hxg6 28. Bxg7 Ra8 29. Rc2 Kf7 $15 30. Bh6 Ra4 31. Rd3 e5 32. Be3 Rda8 33.
Rdd2 Ke6 34. Kg2 Re4 35. Kf3 Raa4 36. h4 Rec4 37. Rxc4 Rxc4 38. g4 b4 39. h5
gxh5 40. gxh5 Rh4 41. h6 c5 42. Rd1 e4+ 43. Ke2 Rh5 44. Rg1 c4 45. Rg6+ Kd5 46.
Rg5+ Rxg5 47. Bxg5 Be5 $11 48. Kd1 Ke6 49. Be3 Kf7 50. Ke2 b3 51. axb3 cxb3 52.
Kd2 1/2-1/2

[Event "Corus"]
[Site "Wijk aan Zee"]
[Date "2005.01.16"]
[Round "2"]
[White "Svidler, Peter"]
[Black "Sokolov, Ivan"]
[Result "1/2-1/2"]
[WhiteElo "2735"]
[BlackElo "2685"]
[Annotator "Finkel,A"]
[PlyCount "85"]
[EventDate "2005.01.15"]
[EventType "tourn"]
[EventRounds "13"]
[EventCountry "NED"]
[EventCategory "19"]
[SourceTitle "CBM 105"]
[Source "ChessBase"]
[SourceDate "2005.04.11"]
[SourceVersion "1"]
[SourceVersionDate "2005.04.11"]
[SourceQuality "1"]

{[%mdl 256]} 1. e4 e5 2. Nf3 Nc6 3. Bb5 a6 4. Ba4 Nf6 5. O-O Nxe4 6. d4 b5 7.
Bb3 d5 8. dxe5 Be6 9. Nbd2 Nc5 10. c3 d4 ({The main alternatives are:} 10...
Bg4) ({and} 10... Be7) 11. Bxe6 Nxe6 12. cxd4 Ncxd4 13. a4 {Trying to create a
weakness in black's queenside pawn structure.} ({Another theoretical line goes
with} 13. Ne4) 13... Bb4 {Quite a rare move, which braught black success in
the following game.} (13... Be7 14. Nxd4 Qxd4 (14... Nxd4 15. Ne4 Ne6 16. Be3
O-O 17. f4 Qxd1 18. Rfxd1 $14 {Karpov,A-Kortschnoj,V/Merano 1981}) 15. axb5
Qxe5 16. bxa6 O-O 17. Qa4 Nc5 18. Qc4 $14 {Topalov,V-Kortschnoj,V/Madrid 1996})
(13... Bc5 14. Ne4 Bb6 15. Nfg5 (15. Be3 O-O 16. axb5 axb5 17. Rxa8 Qxa8 18.
Nxd4 Bxd4 19. Nf6+ gxf6 20. Bxd4 Rd8 21. Qg4+ Kh8 22. Be3 Rg8 23. Qh3 fxe5 $15
{Georgiev,K-Gyimesi,Z/Vrnjacka Banja 1998}) 15... Qd5 16. Nxe6 Qxe6 17. axb5
Nxb5 18. Ng5 Qg6 19. e6 O-O $11 {Leko,P-Gyimesi,Z/Ulcinj 1997}) (13... Rb8 {
--> 1/2-1/2 Hansen,C-Sokolov,I/Malmo 1997/CBM 60 [Mikhalevski,V] (40)}) 14.
axb5 (14. Nxd4 Qxd4 15. Qe2 O-O 16. Nf3 Qd5 17. Be3 Rfd8 18. Qc2 c5 $13 {
Passerotti,P-Thipsay,P/Lucerne 1982}) 14... Nxb5 (14... Nxf3+ 15. Qxf3 O-O 16.
Ne4 axb5 17. Rxa8 Qxa8 18. Qg4 Kh8 $132 {Fehling,M-Beikert,G/Germany 1989/
GER-chT2}) (14... axb5 $2 15. Rxa8 Qxa8 16. Nxd4 Nxd4 17. Qg4 $16 {[%csl Rb4,
Rd4,Rg7]}) 15. Qa4 $5 {This move appears to be a novelty. The queen is very
well placed on a4, since it could be easily transferred either to the kingside
or to c4.} (15. Qb3 a5 16. Qc4 Nbd4 17. Nxd4 Qxd4 18. Qc6+ Ke7 19. Nf3 Qd7 20.
Qc2 $14 {Azarov,S-Mamedyarov,S/Nakhchivan 2003}) (15. Ne4 O-O 16. Be3 Qxd1 17.
Rfxd1 {White keeps small, but stable advantage thanks to a superior pawn
structure.} a5 18. Nfg5 $1 Nxg5 19. Nxg5 Rfe8 20. f4 f6 21. Nf3 fxe5 22. fxe5
$1 $14 {Shirov,A-Anand,V/Mainz 2004}) 15... Be7 16. Ne4 ({There was no point
in putting the knight on b3.} 16. Nb3 O-O 17. Be3 c5 18. Rfd1 Qb6 19. Qg4 Rfd8
$13) 16... O-O 17. Rd1 Qc8 18. Bg5 (18. Be3 $5 c5 19. Rac1 Qc6 20. Nd6 Rfd8 21.
Nf5 Bf8 22. Qg4 $14) (18. Ng3 $5 {[%cal Ga4g4,Gg3f5]}) 18... Nxg5 19. Nexg5 h6
$1 {[%csl Ge7]} (19... Bxg5 20. Nxg5 Qf5 21. f4 $14) 20. Ne4 $6 {The knight
has nothing much to do on e4, so more in the spirit of the position was} (20.
Nh3 $1 Qf5 21. Nf4 {[%cal Gf4d5]} c6 22. Ne2 Rfb8 (22... c5 23. Nf4 Rfd8 24.
Nd5 Qe6 25. Qe4 $14) 23. Qc4 $14 {[%cal Ge2d4] with better chances.}) 20... Qe6
21. h3 c5 22. Rac1 Rac8 {[%cal Gc5c4,Gc8c6,Gf8c8]} 23. Qc4 ({Nothing promises} 
23. Rc4 Nd4 $5 24. Nxd4 cxd4 25. Rcxd4 Rb8 $1 (25... Qxe5 $2 26. Qxa6 Rc1 27.
Rxc1 Qxd4 28. Qb7 $1 $16) 26. f4 Rxb2 27. Nd6 Qg6 $11 {and black is doing fine.
}) 23... Rc7 24. Qxe6 fxe6 25. Ra1 (25. Rc4) 25... Ra8 26. Ra5 Rc6 27. Rd7 (27.
Rda1 Nd4 28. Nfd2 Rb6 29. Nc4 Rb4 $132) 27... Ra7 28. Rxa7 Nxa7 29. Nfd2 Rb6 $1
30. Nc4 Nc6 $1 31. Nxb6 (31. Ra4 Rb4) 31... Nxa5 32. Nc8 Bf8 33. Ncd6 Nb3 34.
Kf1 Bxd6 35. exd6 (35. Nxd6 Nc1 (35... g5 36. Ke2 Kg7 37. Kd3 Na5 38. g3 $16)
36. Nc4 g5 37. Ke1 Nd3+ 38. Ke2 Nf4+ 39. Kf3 $14) 35... Kf7 36. Ke2 c4 37. Kd1
Nd4 38. Nc5 (38. Kd2 Nb5 39. Ke3 e5 $11) 38... e5 39. Kd2 Nb5 40. d7 Ke7 41. f3
g5 42. Kc2 Kd8 43. Kd2 1/2-1/2

[Event "Biel GM"]
[Site "Biel"]
[Date "2004.07.29"]
[Round "10"]
[White "Morozevich, Alexander"]
[Black "Ponomariov, Ruslan"]
[Result "1/2-1/2"]
[WhiteElo "2743"]
[BlackElo "2722"]
[Annotator "Ftacnik,L"]
[PlyCount "81"]
[EventDate "2004.07.19"]
[EventType "tourn"]
[EventRounds "10"]
[EventCountry "SUI"]
[EventCategory "18"]
[SourceTitle "CBM 102"]
[Source "ChessBase"]
[SourceDate "2004.09.23"]
[SourceVersion "1"]
[SourceVersionDate "2004.09.23"]
[SourceQuality "1"]

1. e4 e5 2. Nf3 Nc6 3. Bb5 a6 4. Ba4 Nf6 5. O-O Nxe4 6. d4 b5 7. Bb3 d5 8. dxe5
Be6 9. Nbd2 Nc5 10. c3 d4 11. Ng5 Qxg5 12. Qf3 O-O-O 13. Bxe6+ fxe6 14. Qxc6
Qxe5 15. b4 Qd5 16. Qxd5 exd5 17. bxc5 dxc3 18. Nb3 d4 19. Ba3 g6 20. Bb4 Bg7
21. a4 d3 $1 22. axb5 d2 23. bxa6 {Very unusual theoretical position. Black is
very correctly fighting for the real counterplay with 21...d3! and impressive
central pawns.} (23. c6 Kb8 24. Rad1 Rd5 25. bxa6 Rhd8 26. Na1 Ka7 27. Nc2 Rb8
28. Rb1 Rdb5 29. Rb3 R8b6 30. Rxc3 Bxc3 31. Bxc3 Rc5 32. Bxd2 Rxc2 33. Be3 Kxa6
34. Bxb6 cxb6 35. f4 b5 {1/2-1/2 Shirov,A-Anand,V/Mainz 2004/ (42)}) 23... c2
24. Nxd2 (24. Bxd2 Bxa1 25. Rxa1 Rhe8 26. a7 Kb7 27. a8=Q+ Rxa8 28. Rc1 {
1/2-1/2 Delchev,A-Gyimesi,Z/Nova Gorica 2004/ (28)}) 24... Bxa1 25. Rxa1 Rhe8
26. Rc1 Re4 27. Bc3 Rc4 28. Rxc2 {[%mdl 4] The first independent move,
unfortunatelly with promotion of the a pawn white only manages to hold the
balance.} (28. a7 Kb7 29. Rxc2 Rd3 30. Ra2 Ka8 31. Kf1 (31. Ba5 Rc1+ 32. Nf1
Rdd1 33. g4 Rxf1+ 34. Kg2 Rg1+ 35. Kf3 Rxc5 36. Bd2 $15) 31... Rcxc3 32. Ke2
Ra3 33. Rxa3 Rxa3 34. Ne4 Kxa7 {0-1 Berry,N-Eynon,D/Grangemouth 1999/ (44)})
28... Rd3 29. Rb2 Rcxc3 (29... Ra4 $2 30. a7 Rxa7 31. Rc2 $18) 30. a7 Ra3 31.
Rb8+ Kd7 32. a8=Q Rxa8 33. Rxa8 Rxd2 34. g4 Kc6 {After the demise of the c5
pawn the position is completely equal.} 35. Kg2 (35. Ra5 Rd5 36. Kg2 Rxc5 $11)
35... Kxc5 36. Kg3 Rd7 37. f4 Kd4 38. Ra1 Rf7 39. Rd1+ Ke3 40. Re1+ Kd4 (40...
Kd2 41. Re5 Kd3 42. Kf3 Kd4 43. Re4+ $11) 41. Rd1+ 1/2-1/2

[Event "Candidates final"]
[Site "El Escorial"]
[Date "1993.??.??"]
[Round "8"]
[White "Short, Nigel D"]
[Black "Timman, Jan H"]
[Result "1/2-1/2"]
[WhiteElo "2655"]
[BlackElo "2635"]
[Annotator "Ftacnik,L"]
[PlyCount "55"]
[EventDate "1993.01.??"]
[EventType "match"]
[EventRounds "13"]
[EventCountry "ESP"]
[SourceTitle "Candidates"]
[Source "ChessBase"]
[SourceDate "1999.07.01"]
[SourceVersion "2"]
[SourceVersionDate "1999.07.01"]
[SourceQuality "1"]

1. e4 e5 2. Nf3 Nc6 3. Bb5 a6 4. Ba4 Nf6 5. O-O Nxe4 6. d4 b5 7. Bb3 d5 8. Nxe5
Nxe5 9. dxe5 c6 10. Nd2 $5 (10. Be3 Be7 11. Nd2 (11. c3 O-O 12. f3 Nc5 13. Bc2
f5 $5 {Barle-Tukmakov,V/Jugoslavia-URS/1976/}) 11... Bf5 (11... Nxd2 12. Qxd2
O-O 13. Qc3 $1) 12. Nf3 $1 Bg4 13. h3 Bh5 (13... Bxf3 14. Qxf3 O-O 15. c3 $14 {
Ciocaltea-Kristinsson/Vrnjacka Banja/1972/}) 14. g4 (14. c3 Bc5 15. Bxc5 Nxc5
16. Bc2 O-O {Yudasin,A-Chekhov,V/URS/1981/}) 14... Bg6 15. Nd4 Qc8 $2 16. Nxc6
Qxc6 17. Bxd5 Qc8 18. Qf3 $16) 10... Nxd2 11. Bxd2 Be7 (11... Bc5) 12. Qh5 Be6
13. c3 Qd7 14. Bg5 Bf5 15. Rfe1 (15. Bxe7 Bg6) 15... Bg6 16. Qh4 Bxg5 17. Qxg5
O-O 18. Rad1 Rfe8 19. Re3 Qf5 20. Qxf5 Bxf5 21. h3 h5 22. Rde1 (22. Rd2 $1 Re7
23. Bc2) 22... Rad8 23. Bd1 g6 24. b4 (24. g4 hxg4 25. hxg4 (25. Bxg4 $5) 25...
Be6 26. b4 c5) 24... c5 (24... d4 25. cxd4 Rxd4 26. a3 $10) (24... a5 $5) 25.
bxc5 Rc8 26. a4 Rxc5 27. axb5 axb5 28. g4 (28. g4 hxg4 29. Bxg4 Be6 30. Ra1
Rec8 31. Ra5 $10) 1/2-1/2